[Event "Hamburg St Pauli op-A"]
[Site "Hamburg"]
[Date "2015.07.19"]
[Round "3"]
[White "Martirosyan, Tigran"]
[Black "Bohnstorff, Michael"]
[Result "1/2-1/2"]
[WhiteElo "1929"]
[BlackElo "2052"]
[PlyCount "76"]
[EventDate "2015.07.18"]
[EventType "swiss"]
[EventRounds "9"]
[EventCountry "GER"]
[SourceTitle "EXT 2016"]
[Source "ChessBase"]
[SourceDate "2015.10.08"]
[SourceVersion "1"]
[SourceVersionDate "2015.10.08"]
[SourceQuality "1"]

1. d4 d5 2. Nf3 Nf6 3. Bf4 c6 4. h3 Bf5 5. e3 Qb6 6. Qc1 e6 7. Be2 c5 8. 0-0 Bd6 9. Bxd6 Qxd6 10. Bd3 Be4 11. Nbd2 Nc6 12. dxc5 Qxc5 13. Nb3 Qb6 14. Qd2 0-0 15. Nbd4 Rfd8 16. Nxc6 bxc6 17. b3 c5 18. Qe2 Qb4 19. c4 a5 20. Ne5 Qc3 21. f4 Bxd3 22. Qxd3 Qxd3 23. Nxd3 Ne4 24. Ne5 f6 25. Nf3 a4 26. Rfc1 Rdb8 27. cxd5 exd5 28. bxa4 Rxa4 29. Rc2 Kf7 30. Nd2 Nxd2 31. Rxd2 Ke6 32. Rad1 Rd8 33. Rb1 Ra7 34. Rb5 Rc7 35. a4 Rd6 36. a5 c4 37. Kf2 g6 38. Ke2 h5 1/2-1/2

[Event "Hamburg-chT Landesliga 1213"]
[Site "Hamburg"]
[Date "2013.04.14"]
[Round "9.6"]
[White "Martirosyan, Tigran"]
[Black "Jess, Rainer"]
[Result "1/2-1/2"]
[WhiteElo "1804"]
[BlackElo "2121"]
[PlyCount "29"]
[EventDate "2012.10.14"]
[EventType "team-tourn"]
[EventRounds "9"]
[EventCountry "GER"]
[SourceTitle "EXT 2022"]
[Source "ChessBase"]
[SourceDate "2021.10.06"]
[SourceVersion "1"]
[SourceVersionDate "2021.10.06"]
[SourceQuality "1"]
[WhiteTeam "St Pauli II"]
[BlackTeam "Hamburg Bille"]
[WhiteTeamCountry "GER"]
[BlackTeamCountry "GER"]

1. d4 Nc6 2. Nf3 d6 3. e3 Bg4 4. Bb5 a6 5. Ba4 b5 6. Bb3 Nf6 7. c4 e5 8. dxe5 Nxe5 9. cxb5 axb5 10. Nxe5 Bxd1 11. Bxf7+ Ke7 12. Nc6+ Kxf7 13. Nxd8+ Rxd8 14. Kxd1 d5 15. Ke2 1/2-1/2

[Event "Hamburg CupT"]
[Site "Hamburg"]
[Date "2012.02.18"]
[Round "1.3"]
[White "Martirosyan, Tigran"]
[Black "Kurbangulov, Viktor"]
[Result "1/2-1/2"]
[WhiteElo "1872"]
[BlackElo "1876"]
[PlyCount "112"]
[EventDate "2012.02.18"]
[EventType "team-k.o."]
[EventRounds "4"]
[EventCountry "GER"]
[SourceTitle "EXT 2022"]
[Source "ChessBase"]
[SourceDate "2021.10.06"]
[SourceVersion "1"]
[SourceVersionDate "2021.10.06"]
[SourceQuality "1"]
[WhiteTeam "Blankenese II"]
[BlackTeam "Johanneum Eppendorf II"]
[WhiteTeamCountry "GER"]
[BlackTeamCountry "GER"]

1. d4 Nf6 2. Nf3 g6 3. c4 d6 4. Nc3 Bg7 5. e4 0-0 6. Be2 Nbd7 7. 0-0 e5 8. dxe5 Nxe5 9. Nxe5 dxe5 10. Qc2 c6 11. Be3 Qa5 12. Rad1 Be6 13. b3 Rfd8 14. Na4 Bf8 15. Bg5 Rxd1 16. Rxd1 Nd7 17. h4 a6 18. h5 b5 19. Nc3 Bb4 20. Nb1 Rc8 21. hxg6 hxg6 22. Nd2 Bc5 23. Nf1 Kg7 24. Be3 b4 25. Rd2 Rh8 26. Bf3 Bxe3 27. Nxe3 Qd8 28. Qd1 Qh4 29. Kf1 Nc5 30. g3 Qf6 31. Rd6 Qe7 32. Ke2 f5 33. exf5 gxf5 34. Bxc6 Ne4 35. Bxe4 fxe4 36. Rxa6 Qf6 37. Rd6 Qf3+ 38. Kd2 Qxf2+ 39. Qe2 Qxg3 40. Rxe6 Kf7 41. Re7+ Kf8 42. Qf1+ Qf4 43. Qxf4+ exf4 44. Rxe4 Rh2+ 45. Kd3 fxe3 46. Kxe3 Rxa2 47. c5 Rc2 48. Rxb4 Rxc5 49. Kd4 Rc1 50. Kd5 Ke7 51. Rb7+ Kd8 52. b4 Kc8 53. Rh7 Kb8 54. b5 Rc2 55. Kd6 Rc1 56. Rh4 Kb7 1/2-1/2

[Event "Hamburg Koenigsspringer Elo op 5th"]
[Site "Hamburg"]
[Date "2007.05.17"]
[Round "2"]
[White "Schmidt, Jade"]
[Black "Martirosyan, Tigran"]
[Result "1-0"]
[WhiteElo "1913"]
[BlackElo "1870"]
[PlyCount "89"]
[EventDate "2007.05.17"]
[EventType "swiss"]
[EventRounds "7"]
[EventCountry "GER"]
[SourceTitle "EXT 2009"]
[Source "ChessBase"]
[SourceDate "2008.11.26"]
[SourceVersion "1"]
[SourceVersionDate "2008.11.26"]
[SourceQuality "1"]

1. d4 Nf6 2. Bg5 Ne4 3. Bf4 d5 4. f3 Nf6 5. Nc3 e6 6. Qd2 c6 7. e4 dxe4 8. Nxe4 Be7 9. Ne2 Nxe4 10. fxe4 Nd7 11. Nc3 Nf6 12. Be2 Bd7 13. 0-0 0-0 14. Rad1 Rc8 15. Bf3 Qa5 16. Kh1 Bb4 17. a3 Bxc3 18. bxc3 h6 19. Bd6 Rfe8 20. e5 Nd5 21. Bh5 Rf8 22. Rf3 f5 23. Bxf8 Rxf8 24. c4 Qxd2 25. Rxd2 Ne7 26. Rb3 Bc8 27. Bf3 g5 28. g3 g4 29. Be2 h5 30. h3 Kg7 31. Kh2 Rd8 32. Rbd3 b6 33. Rd1 Ba6 34. R3d2 Bb7 35. c3 Rf8 36. Rf1 Rd8 37. Rfd1 Rf8 38. hxg4 hxg4 39. Kg1 Rh8 40. Bf1 f4 41. gxf4 Nf5 42. Re1 g3 43. Bd3 Nh4 44. Re3 g2 45. Rg3+ 1-0